000 00274cam a22000977a 4500
008 180718b1951 xxu||||| |||| 00| 0 eng d
082 _aL2602x5411 As72r
245 _aThe Assam motor vehicles taxation rules, 1936
260 _aShillong
_bGovernment Press
_c1951
300 _a27p.
999 _c429395
_d429395